LDR 00600naa#a2200169#i#450# 001 EN\RIOR\bibl\126146 005 20260629073833.1 011 ## _a2409-6024 100 ## _a20260530b2026####ek#y0engy0150####ca 102 ## _aRU 200 1# _aAssessment of efficiency of agro-industrial complex modernization _eJournal article 210 1# _aMoscow _cPublishing Center RIOR _d2026 215 ## _a9 с. 608 ## _aJournal article _2local 675 ## _aЭкономика сельского хозяйства. Продовольственный комплекс. 338.43 _z 700 #1 _aArtemyev _gOleg Germanovich 856 4# _arusjm.ru _u